| 000 | 00622nam a2200205Ia 4500 | ||
|---|---|---|---|
| 003 | OSt | ||
| 005 | 20260602123717.0 | ||
| 008 | 210210b1996 xxu||||| |||| 00| 0 eng d | ||
| 040 | _cAL | ||
| 041 | _aKannada | ||
| 082 | _a494.8K KEMT | ||
| 100 |
_aKEMPEGAUDA (K). _dಕೆ. ಕೆಂಪೇಗೌಡ _9264987 |
||
| 245 |
_aTaulanika dravida bhashavijnana. _bತೌಲನಿಕ ದ್ರಾವಿಡ ಭಾಷಾವಿಜ್ಞಾನ |
||
| 260 |
_aMaisuru _bBharati Prakashana _c1996 |
||
| 300 | _a705 | ||
| 650 |
_aDravida Bashe _9264988 |
||
| 690 |
_aDravidian Language _9264989 |
||
| 906 | _a053887 | ||
| 942 |
_2ddc _cBK |
||
| 999 |
_c102082 _d102082 |
||